header

The Stalin-Kaganovich correspondence, 1931-36 (Record no. 136110)

MARC details
000 -LEADER
fixed length control field 01682nam a2200385 a 4500
082 04 - DEWEY DECIMAL CLASSIFICATION NUMBER
Classification number 947.084/2
100 1# - MAIN ENTRY--AUTHOR NAME
Personal name Stalin, Joseph,
245 14 - TITLE STATEMENT
Title The Stalin-Kaganovich correspondence, 1931-36
260 ## - PUBLICATION, DISTRIBUTION, ETC. (IMPRINT)
Place of publication New Haven :
Name of publisher Yale University Press,
Year of publication c2003.
300 ## - PHYSICAL DESCRIPTION
Number of Pages xviii, 431 p. :
Other physical details ill.
490 1# - SERIES STATEMENT
Series statement Annals of Communism
700 1# - ADDED ENTRY--PERSONAL NAME
Personal name Kaganovich, L. M.
Personal name Davies, R. W.
856 40 - ELECTRONIC LOCATION AND ACCESS
Uniform Resource Identifier http://site.ebrary.com/lib/rucke/Doc?id=10170040

No items available.

© 2026 Rongo University
Contact us: librarian | system librarian | Rongo university